| 000 | 00824nam a22002417a 4500 | ||
|---|---|---|---|
| 001 | 12363 | ||
| 003 | HDC | ||
| 007 | cr bn --- | ||
| 008 | 210209 my |0 eneng | ||
| 040 | _aHDC | ||
| 245 | 0 |
_aHalal Processing: _bThe Best of Brazzilian chicken for the Muslim World |
|
| 260 |
_a[no place]: _bBrazilian Chicken Producers and exporters association, _c2010 |
||
| 300 | _a169 pages | ||
| 336 |
_atext _2rdacontent |
||
| 337 |
_acomputer _2rdamedia |
||
| 338 |
_aonline resource _2rdacarrier |
||
| 650 |
_aHalal industry _9144 |
||
| 650 |
_aHalal processing _912950 |
||
| 856 | _zRequest full-text at [email protected] | ||
| 942 | _2lcc | ||
| 942 | _cEBOOK | ||
| 942 | _kEBOK 001945 | ||
| 999 |
_c9686 _d9686 |
||